000 00867nam a22002417a 4500
003 BCEG
005 20260324131257.0
008 260321s2013 mx |||||||||||||||||spa d
020 _a9786075164205 (v. 1)
020 _a9786075164182 (v. 2)
040 _aBCEG
_bspa
_cBCEG
082 0 4 _a306.4
_bS182p
245 0 0 _aSalvaguardia del patrimonio cultural inmaterial de los afrodescendientes en América Latina.
260 _aMéxico :
_bDirección General de Culturas Populares
260 _aCusco, Perú :
_bCentro Regional para la Salvaguardia del Patrimonio Cultural Inmaterial de América Latina,
_c2013.
300 _a2 v. :
_bil.
504 _aIncluye bibliografía.
541 _aCompra.
650 1 4 _aPatrimonio cultural.
650 1 4 _aNegros
_xVida social y costumbres.
651 _aAmérica Latina
_vCivilización
_xInfluencias africanas.
942 _cBK
999 _c437121
_d437121